| 000 | 00370nam a2200133 a 4500 | ||
|---|---|---|---|
| 001 | 000031306 | ||
| 005 | 20200930062835.0 | ||
| 008 | 100205s1999 dr 000 0 spa d | ||
| 040 |
_aDO-SdBNP _beng _cBNPHU |
||
| 245 | 0 | 0 | _aDoing business in the Dominican Republic /. |
| 260 |
_aSanto Domingo : _bPellerano & Herrera, _c1999. |
||
| 300 |
_a95 p. ; _c28 cm. |
||
| 049 | _aBNPD | ||
| 999 |
_c30798 _d30798 |
||